Statystyki dla 1- Człowiek: część 3/6

Kliknij tutaj aby rozwiązać quiz!

Ogólne statystyki

  • Ten quiz został rozwiązany 17 razy
  • Średni wynik to 17 z 48

Statystyki odpowiedzi

HintOdpowiedź% Poprawnych
laptoplaptop
94%
nazwiskosurname
94%
gitaraguitar
88%
telewizjatv
88%
adresaddress
76%
rowerbike
76%
adres e-mailemail address
71%
narodzinybirth
59%
bawełnacotton
59%
Data urodzeniadate of birth
59%
Kobietafemale
59%
Mężczyznamale
59%
plastikowyplastic
59%
telefon komórkowymobile phone
53%
dzień ślubuwedding day
53%
rozwiedzionydivorced
47%
płećgender
47%
miejsce urodzeniaplace of birth
47%
odtwarzacz mp3mp3 player
41%
skóraleather
35%
materiałymaterials
35%
narodowośćnationality
35%
deskorolkaskateboard
35%
w paskistriped
35%
żonatymarried
29%
pojedynczysingle
29%
aparat cyfrowydigital camera
24%
imięfirst name
24%
ukończenie szkołygraduation
24%
dżinsdenim
18%
jedwabsilk
18%
owdowiaławidowed
18%
w kratęchecked
12%
zaręczyć sięget engaged
12%
rozpocząć nową karieręstart a new career
12%
numer telefonutelephone number
12%
wełnianywoollen
12%
kwiecistyflowery
6%
stan cywilnymarital status
6%
wzorypatterns
6%
etapy w życiustages in life
6%
stanowiskojob
0%
lenlinen
0%
rzeczy osobistepersonal belongings
0%
dane osobowepersonal details
0%
w kropkipolka-dot
0%
zamszsuede
0%
w szkocką kratętartan
0%

Rozkład punktacji

Percentyl według liczby udzielonych odpowiedzi

Procent ludzi z każdym wynikiem

Twoja historia wyników

Nie rozwiązałeś tego quizu